Normal view
MARC view
Entry Personal Name
001 - CONTROL NUMBER
- control field: 74325
003 - CONTROL NUMBER IDENTIFIER
- control field: dpl
005 - DATE AND TIME OF LATEST TRANSACTION
- control field: 20241129111644.0
008 - FIXED-LENGTH DATA ELEMENTS
- fixed length control field: 241129|| aca||aabn | a|a d
040 ## - CATALOGING SOURCE
- Original cataloging agency: dpl
- Transcribing agency: dpl
100 ## - HEADING--PERSONAL NAME
- Personal name: Sharma, Om
670 ## - SOURCE DATA FOUND
- Source citation: Work cat.: (dpl)207195: Sharma, Om , JEE Advanced Mathematics:, 2025
